Adult Nursing : Preparing For Practice (Record no. 252170)

MARC details
000 -LEADER
fixed length control field 00387pam a2200145a 44500
008 - FIXED-LENGTH DATA ELEMENTS--GENERAL INFORMATION
fixed length control field 230405s2012 xxu||||| |||| 00| 0 eng d
020 ## - INTERNATIONAL STANDARD BOOK NUMBER
International Standard Book Number 9781444112146
Terms of availability Rs. 1670.98
082 ## - DEWEY DECIMAL CLASSIFICATION NUMBER
Classification number 610.73
Item number DAV
100 ## - MAIN ENTRY--PERSONAL NAME
Personal name Barton, Dave
245 ## - TITLE STATEMENT
Title Adult Nursing : Preparing For Practice
260 ## - PUBLICATION, DISTRIBUTION, ETC.
Place of publication, distribution, etc. London
Name of publisher, distributor, etc. Hodder Arnold Publication
Date of publication, distribution, etc. 2012
300 ## - PHYSICAL DESCRIPTION
Extent 322 p
502 ## - DISSERTATION NOTE
Dissertation note text
906 ## - LOCAL DATA ELEMENT F, LDF (RLIN)
a 002914

No items available.